000 00370 a2200157 4500
001 193155
020 _a978-85-7160-612-8
040 _cMagnum
100 _aCoelho,ronaldo Simoes
240 1 0 _aAfra e os três lobos-grarás
_lpor
245 1 0 _aAfra e os três lobos-grarás
300 _a16
362 0 _a2013
697 _aLITERATURA INFANTO-JUVENIL
942 _cBK
999 _c193155
_d193155